000 00578nam a22001697a 4500
003 UA-OsUOA
001 10852
007 ta
008 20050211b un ||||| |||| 00| 0 ukr d
942 _cSA
040 _aUA-OsUOA
_cUA-OsUOA
_dUA-OsUOA
245 _aВасиль Червоній - голова Рівненської облдержадміністрації
_b[Біографія]
300 _aС.1
955 _a0
773 0 _w0
_tВісті Рівненщини
_dРівне
_d2005
_g№11/9 лют./
650 7 _aОбласна державна адміністрація
_2UDC
999 _c297013
_d297013